| 000 | 00805nam a2200229 i 4500 | ||
|---|---|---|---|
| 001 | 45818 | ||
| 003 | ES-MaACL | ||
| 005 | 20250816050159.0 | ||
| 007 | t| | ||
| 008 | 030327s1911 fr ||||1| fre d | ||
| 100 | 1 |
_aCollignon, Maxime. _939712 |
|
| 245 | 1 | 4 |
_aLes statues funéraires dans l'art grec / _cpar Maxime Collignon. |
| 260 |
_aParis : _bErnest Leroux, _c1911. |
||
| 300 |
_a[1] h. de lám., VII, 404 p. : _bil. ; _c29 cm. |
||
| 530 | _aDisponible en formato digital. | ||
| 650 | 7 |
_aEscultura griega _2embne _912443 |
|
| 650 | 4 |
_aMonumentos funerarios antiguos. _9173276 |
|
| 852 |
_aES-MaACL _jG-7336 _cDEPO2 _zRevisado enlace: 10 de julio de 2025 |
||
| 856 | 4 |
_uhttps://archive.org/details/lesstatuesfunr00colluoft _yInternet Archive |
|
| 942 | _2udc | ||
| 999 |
_c45818 _d45818 |
||